000
00339 a2200169 4500
001
190355
020
_a
978-85-322-8581-2
040
_c
Magnum
100
_a
Horn, Alice
240
1
0
_a
Alô, papai!
_l
por
245
1
0
_a
Alô, papai!
300
_a
27
362
0
_a
2013
440
1
_a
FTD
697
_a
LITERATURA INFANTIL
942
_c
BK
999
_c
190355
_d
190355